000 00406nam a2200181Ia 4500
005 20240823062316.0
008 240823s9999||||xx |||||||||||||| ||und||
041 _aENGLISH
082 _A425 R2
100 _aKumari Mu Rajendran
245 0 _aSchool Grammer
250 _a1st
260 _c2025
_bKumari Malar Public
500 _aYES
650 _aGrammer
_bGeneral
942 _cBK
999 _c235571
_d235571